000 00500nam a2200181Ia 4500
005 20250923144345.0
008 008 250917s9999 xx 000 0 eng d
037 _aTextual
040 _aDSWL
_beng
_cDSWL
041 _aeng
_2eng
084 _aY1v1z7:N4, I0
_qDSWL
100 _aCole, G.D.H
_9824045
245 0 _aEssays in social theory
_cby G.D.H Cole
260 _aLondon
_c1950
300 _a251 p.
942 _cTEXL
_hY1v1z7:N4, I0
999 _c1437851
_d1437851